Безумная кепка Мономаха: роман

Bibliographic Details
Main Author: Донцова Д. А. Дарья Аркадьевна
Summary:Просто абсурд какой-то! Вот теперь, когда я, Евлампия Романова — можно просто Лампа, — нашла работу в детективном агентстве, приходится умирать со скуки. Нет клиентов, и все! Но я была бы не я, если бы не накликала приключений на свою голову. Моя первая, с таким трудом найденная, клиентка утверждает, что ее муж погиб в автокатастрофе... два раза. Вот мне и придется проверить: так ли это, или меня угораздило связаться с сумасшедшей! Все одно к одному! Кажется, у моего хорошего приятеля тоже поехала крыша — он решил при мерить на себя безумную кепку Мономаха!..
Language:Russian
Published: Москва, Эксмо, 2006
Series:Евлампия Романова. Следствие ведет дилетант
Subjects:
Format: Book
KOHA link:https://koha.lib.tpu.ru/cgi-bin/koha/opac-detail.pl?biblionumber=64408

MARC

LEADER 00000nam0a2200000 4500
001 64408
005 20231031065610.0
010 |a 5699148299 
035 |a (RuTPU)RU\TPU\book\68353 
090 |a 64408 
100 |a 20040531d2006 m y0rusy50 ca 
101 0 |a rus 
102 |a RU 
105 |a y z 000ay 
200 1 |a Безумная кепка Мономаха  |e роман  |f Д. А. Донцова 
210 |a Москва  |c Эксмо  |d 2006 
215 |a 384 с. 
225 1 |a Евлампия Романова. Следствие ведет дилетант 
330 |a Просто абсурд какой-то! Вот теперь, когда я, Евлампия Романова — можно просто Лампа, — нашла работу в детективном агентстве, приходится умирать со скуки. Нет клиентов, и все! Но я была бы не я, если бы не накликала приключений на свою голову. Моя первая, с таким трудом найденная, клиентка утверждает, что ее муж погиб в автокатастрофе... два раза. Вот мне и придется проверить: так ли это, или меня угораздило связаться с сумасшедшей! Все одно к одному! Кажется, у моего хорошего приятеля тоже поехала крыша — он решил при мерить на себя безумную кепку Мономаха!.. 
610 1 |a русская литература 
610 1 |a романы 
610 1 |a детективы 
675 |a Р2  |v 3 
700 1 |a Донцова  |b Д. А.  |g Дарья Аркадьевна 
801 1 |a RU  |b 63413507  |c 20040531  |g PSBO 
801 2 |a RU  |b 63413507  |c 20200129  |g PSBO 
942 |c BK